Eminem Lyrics - Statistics

General Stats
  • This quiz has been taken 189 times
  • The average score is 7 of 12
Answer Stats
Lyric Answer % Correct
His palms are sweaty, _____ weak, arms are heavy knees
96%
I just settled all my lawsuits, f*** you ______! Debbie
81%
Wanna see me stick ___ inch Nails, through each one of my eyelids? Nine
73%
Dr. Dre said, "____ yeah!" Hell
72%
I'm sorry ____, I never meant to hurt you mama
70%
I sent two letters back in ______, you must not-a got 'em autumn
58%
And one more time ____ as you can, how does it go? loud
57%
'Till I collapse I'm spilling these raps long as you ____ 'em feel
55%
I said on "I'm ____" from The Mathers LP 1 Back
43%
We're gonna ___ this house until we knock it down rock
28%
Don't you hear ________ in my voice when I talk? sincerity
28%
I'm just ______ what the voice in my head's sayin' relayin'
14%
No matching quizzes found
Score Distribution
Percent of People with Each Score
Percentile by Number Answered
Your Score History
You have not taken this quiz